000 00249nam a2200097Ia 4500
001 1250079
005 20251031150849.0
008 251031s9999 xx 000 0 und d
245 0 _cKATHY WOLLARD
_aX-7 PEKİ NASIL 2.KİTAP
260 _bDİNOZOR ÇOCUK
999 _c1250079
_d1250079